| 000 | 00806nam a2200229Ii 4500 | ||
|---|---|---|---|
| 003 | JO-AjNU | ||
| 008 | 230605s9999||||xx |||||||||||||| ||und|| | ||
| 017 | _a2012/1214 | ||
| 020 | _a978-977-6223-60-8 | ||
| 040 |
_aJO-AjNU _bara _erda _cJO-AjNU |
||
| 041 | _aara | ||
| 050 | 1 | 4 | _aJF711.2013 |
| 100 | 3 |
_aالبهجي، إيناس محمد، المصري، يوسف, _eauthor _944389 |
|
| 245 | 0 | 0 | _aالرقابة على دستورية القوانين : دراسة مقارنة |
| 250 | _aط1 | ||
| 264 | 3 | 1 | _aالقاهرة : المركز القومي للاصدارات القانونية ، 2013 |
| 300 | _a280ص | ||
| 336 |
_atext _btxt _2rdacontent |
||
| 337 |
_aunmediated _bn _2rdamedia |
||
| 338 |
_avolume _bnc _2rdacarrier |
||
| 650 | 4 |
_a القانون الدستوري -- مصر _944390 |
|
| 999 |
_aA19161 _c22729 _d22729 |
||